000
00335nam a2200157Ia 4500
100
_a
Ashok Kumar/L
650
_a
Power electronics
942
_c
BK
366
_f
25
245
_a
Power electronics with MATLAB
260
_b
Cambridge University Press
_c
2018
082
_b
ASH
300
_a
518
546
_a
ENGLISH
999
_c
20176
_d
20176